[Event "Sherbrooke op-C"]
[Site "Sherbrooke CAN"]
[Date "2008.05.24"]
[Round "3"]
[White "Luo, Alan"]
[Black "Doucet, Jean-Pascal"]
[Result "0-1"]
[WhiteElo "789"]
[BlackElo "1008"]
[PlyCount "95"]
[GameId "2160767910354690"]
[EventDate "2008.05.23"]
[EventType "swiss"]
[EventRounds "5"]
[EventCountry "CAN"]
[SourceTitle "EXT 2011"]
[Source "ChessBase"]
[SourceDate "2011.11.26"]
[SourceVersion "1"]
[SourceVersionDate "2011.11.26"]
[SourceQuality "1"]

1. e4 e5 2. Nf3 Nc6 3. Bc4 h6 4. c3 Bc5 5. O-O Nf6 6. Bb3 Nxe4 7. Nxe5 O-O 8. d3 Nd6 9. d4 Bb6 10. Nd3 a5 11. Qg4 Kh8 12. Re1 f5 13. Qg3 Ne4 14. Qf3 g5 15. Qh3 Kg7 16. f3 Nf6 17. Ne5 Qe8 18. Nd3 Ne7 19. Qg3 f4 20. Nxf4 c6 21. h4 Nf5 22. hxg5 Nxg3 23. gxf6+ Kxf6 24. Rxe8 Rxe8 25. Nd2 Ne2+ 26. Kf2 Nxf4 27. Ne4+ Ke7 28. Bxf4 d5 29. Nd6 Rh8 30. Nxc8+ Raxc8 31. Re1+ Kf6 32. Be5+ Kf7 33. Bxh8 Rxh8 34. Re5 Bc7 35. f4 Rf8 36. Ke3 Bxe5 37. dxe5 b5 38. Kd4 Ke6 39. Kc5 Kd7 40. Bxd5 cxd5 41. Kxd5 b4 42. cxb4 axb4 43. Ke4 Rg8 44. f5 Kd8 45. Kd5 Rxg2 46. e6 Ke7 47. f6+ Kxf6 48. Kc5 0-1

[Event "Sherbrooke op-C"]
[Site "Sherbrooke CAN"]
[Date "2008.05.24"]
[Round "3"]
[White "Olivier, Luc"]
[Black "St Vincent Gagne, Felix"]
[Result "1/2-1/2"]
[WhiteElo "1290"]
[BlackElo "1191"]
[PlyCount "51"]
[GameId "2160767910354691"]
[EventDate "2008.05.23"]
[EventType "swiss"]
[EventRounds "5"]
[EventCountry "CAN"]
[SourceTitle "EXT 2011"]
[Source "ChessBase"]
[SourceDate "2011.11.26"]
[SourceVersion "1"]
[SourceVersionDate "2011.11.26"]
[SourceQuality "1"]

1. d4 d5 2. c4 c6 3. Nf3 Nf6 4. Nc3 Bf5 5. e3 e6 6. cxd5 exd5 7. Be2 c5 8. Bb5+ Nc6 9. Ne5 Qd6 10. Qa4 Bd7 11. Nxd7 Qxd7 12. O-O Bd6 13. dxc5 Bxc5 14. Rd1 O-O 15. e4 d4 16. e5 Ng4 17. Ne4 Qd5 18. Bxc6 bxc6 19. Nxc5 Qxc5 20. Qxd4 Qxd4 21. Rxd4 Nxe5 22. Bf4 Ng6 23. Bg3 Rfc8 24. Rad1 a5 25. b3 Re8 26. Kf1 1/2-1/2

[Event "Sherbrooke op-C"]
[Site "Sherbrooke CAN"]
[Date "2008.05.24"]
[Round "3"]
[White "Remillard, Pierre"]
[Black "Belanger, Priscillia"]
[Result "1-0"]
[WhiteElo "1397"]
[BlackElo "1068"]
[PlyCount "55"]
[GameId "2160767910354692"]
[EventDate "2008.05.23"]
[EventType "swiss"]
[EventRounds "5"]
[EventCountry "CAN"]
[SourceTitle "EXT 2011"]
[Source "ChessBase"]
[SourceDate "2011.11.26"]
[SourceVersion "1"]
[SourceVersionDate "2011.11.26"]
[SourceQuality "1"]

1. e4 e5 2. Nc3 Nf6 3. Nf3 Nc6 4. Bc4 Bb4 5. Ng5 O-O 6. O-O h6 7. Nd5 hxg5 8. Nxf6+ Qxf6 9. c3 Bc5 10. b4 Bxf2+ 11. Rxf2 Qg6 12. d3 d6 13. Be3 g4 14. g3 a6 15. a4 a5 16. b5 Ne7 17. Qd2 b6 18. Raf1 Bb7 19. Rxf7 Rxf7 20. Bxf7+ Qxf7 21. Rxf7 Kxf7 22. Qf2+ Kg8 23. Bxb6 cxb6 24. Qxb6 Bxe4 25. dxe4 Nc8 26. Qb7 Nb6 27. Qxb6 Rf8 28. Qxd6 1-0

[Event "Sherbrooke op-C"]
[Site "Sherbrooke CAN"]
[Date "2008.05.24"]
[Round "3"]
[White "Soskic, Milan"]
[Black "Gareau, Jacques"]
[Result "1-0"]
[WhiteElo "1286"]
[BlackElo "1353"]
[PlyCount "49"]
[GameId "2160767910354693"]
[EventDate "2008.05.23"]
[EventType "swiss"]
[EventRounds "5"]
[EventCountry "CAN"]
[SourceTitle "EXT 2011"]
[Source "ChessBase"]
[SourceDate "2011.11.26"]
[SourceVersion "1"]
[SourceVersionDate "2011.11.26"]
[SourceQuality "1"]

1. d4 e6 2. Nf3 g6 3. c4 Bg7 4. Nc3 Ne7 5. e4 O-O 6. Bd3 c5 7. Be3 cxd4 8. Bxd4 f6 9. O-O a6 10. a3 Nbc6 11. Bc5 d6 12. Be3 f5 13. Qd2 Na5 14. Qe2 Bxc3 15. bxc3 f4 16. Bd2 Nb3 17. Rab1 Nxd2 18. Qxd2 e5 19. Rb2 b6 20. Rfb1 Rb8 21. c5 b5 22. cxd6 Qxd6 23. Bc4+ bxc4 24. Qxd6 Rxb2 25. Rxb2 1-0

[Event "Sherbrooke op-C"]
[Site "Sherbrooke CAN"]
[Date "2008.05.25"]
[Round "4"]
[White "Belanger, Christopher"]
[Black "Soskic, Milan"]
[Result "1-0"]
[WhiteElo "1338"]
[BlackElo "1286"]
[PlyCount "59"]
[GameId "2160767910354694"]
[EventDate "2008.05.23"]
[EventType "swiss"]
[EventRounds "5"]
[EventCountry "CAN"]
[SourceTitle "EXT 2011"]
[Source "ChessBase"]
[SourceDate "2011.11.26"]
[SourceVersion "1"]
[SourceVersionDate "2011.11.26"]
[SourceQuality "1"]

1. e4 c5 2. Nf3 d6 3. c3 Nf6 4. Be2 Nxe4 5. Qa4+ Nc6 6. Qxe4 g6 7. d4 Bg7 8. O-O Bf5 9. Qh4 h6 10. Qf4 cxd4 11. cxd4 O-O 12. Nc3 Rc8 13. d5 Nb8 14. Nd4 Be5 15. Qe3 Bd7 16. Rd1 g5 17. h4 f6 18. Ne6 Bxe6 19. dxe6 Qb6 20. Qd3 d5 21. Qg6+ Kh8 22. Qxh6+ Kg8 23. Bd3 f5 24. Qxg5+ Bg7 25. Nxd5 Qxe6 26. Nxe7+ Kh8 27. Qh5+ Bh6 28. Bxh6 Qf7 29. Qxf7 Rxf7 30. Nxc8 1-0

[Event "Sherbrooke op-C"]
[Site "Sherbrooke CAN"]
[Date "2008.05.25"]
[Round "4"]
[White "Bilodeau, Vincent"]
[Black "St Vincent Gagne, Felix"]
[Result "1-0"]
[WhiteElo "1279"]
[BlackElo "1191"]
[PlyCount "29"]
[GameId "2160767910354695"]
[EventDate "2008.05.23"]
[EventType "swiss"]
[EventRounds "5"]
[EventCountry "CAN"]
[SourceTitle "EXT 2011"]
[Source "ChessBase"]
[SourceDate "2011.11.26"]
[SourceVersion "1"]
[SourceVersionDate "2011.11.26"]
[SourceQuality "1"]

1. e4 e5 2. Nf3 Nc6 3. Bc4 Nf6 4. Ng5 d5 5. exd5 Nxd5 6. Nxf7 Kxf7 7. Qf3+ Ke6 8. Nc3 Ncb4 9. Qe4 c6 10. d4 Qf6 11. a3 g5 12. axb4 Bxb4 13. Bxd5+ cxd5 14. Qxd5+ Kf5 15. Qe4+ 1-0

[Event "Sherbrooke op-C"]
[Site "Sherbrooke CAN"]
[Date "2008.05.25"]
[Round "4"]
[White "Doucet, Jean-Pascal"]
[Black "Bourassa, Louis"]
[Result "1-0"]
[WhiteElo "1008"]
[BlackElo "1226"]
[PlyCount "103"]
[GameId "2160767910354697"]
[EventDate "2008.05.23"]
[EventType "swiss"]
[EventRounds "5"]
[EventCountry "CAN"]
[SourceTitle "EXT 2011"]
[Source "ChessBase"]
[SourceDate "2011.11.26"]
[SourceVersion "1"]
[SourceVersionDate "2011.11.26"]
[SourceQuality "1"]

1. e4 e5 2. Nf3 Nf6 3. Nc3 Bb4 4. a3 Bxc3 5. dxc3 Nc6 6. Bd3 d6 7. h3 Be6 8. Qe2 Qd7 9. Nd2 Ne7 10. b3 Ng6 11. Nf1 c6 12. c4 c5 13. a4 a5 14. Ne3 Nf4 15. Qf1 Qc7 16. Bd2 Bd7 17. h4 h5 18. g3 Ng6 19. Nf5 Bxf5 20. exf5 Ne7 21. Qg2 Qc6 22. f3 Qd7 23. Be4 Nxf5 24. Bg5 Nxe4 25. fxe4 Nd4 26. O-O-O f6 27. Be3 O-O 28. Rhf1 Rad8 29. Kb2 f5 30. c3 Nc6 31. Rf2 Rf6 32. Bg5 Rf7 33. Bxd8 Nxd8 34. Rdf1 g6 35. exf5 gxf5 36. Qd5 Kg7 37. Ka3 Nc6 38. Kb2 Ne7 39. Qd1 Kg6 40. Qc2 Qe6 41. Rg1 Ng8 42. g4 hxg4 43. Rxg4+ Kh5 44. Rxg8 Rf6 45. Qe2+ Kh6 46. Rb8 Rf7 47. Rg2 Qf6 48. Rgg8 f4 49. Rh8+ Rh7 50. Rxh7+ Kxh7 51. Qh5+ Qh6 52. Rxb7+ 1-0

[Event "Sherbrooke op-C"]
[Site "Sherbrooke CAN"]
[Date "2008.05.25"]
[Round "4"]
[White "Gareau, Jacques"]
[Black "Allard dos Santos, Alexandre"]
[Result "1-0"]
[WhiteElo "1353"]
[BlackElo "1208"]
[PlyCount "87"]
[GameId "2160767910354698"]
[EventDate "2008.05.23"]
[EventType "swiss"]
[EventRounds "5"]
[EventCountry "CAN"]
[SourceTitle "EXT 2011"]
[Source "ChessBase"]
[SourceDate "2011.11.26"]
[SourceVersion "1"]
[SourceVersionDate "2011.11.26"]
[SourceQuality "1"]

1. e4 c6 2. Nf3 d5 3. e5 f6 4. d4 fxe5 5. dxe5 Bg4 6. c3 e6 7. Bd3 Nd7 8. Bf4 Bc5 9. Nbd2 Ne7 10. b4 Bb6 11. h3 Bh5 12. g4 Bg6 13. Be2 O-O 14. Bg3 a5 15. bxa5 Rxa5 16. Nb3 Ra3 17. O-O Qa8 18. h4 h6 19. h5 Bh7 20. Bh4 Re8 21. Qd2 Nc5 22. Nbd4 Ne4 23. Qb2 Nc8 24. Rfc1 Qa5 25. Bd3 Nxc3 26. Bxh7+ Kxh7 27. Qc2+ Kh8 28. Qg6 Rg8 29. g5 Ne7 30. Qxe6 hxg5 31. Bxg5 Ne2+ 32. Nxe2 Rxf3 33. Rf1 Qb4 34. Bxe7 Re8 35. Bxb4 Rxe6 36. Kg2 Rf5 37. f4 Rxh5 38. Ng3 Rhh6 39. Bd6 g6 40. Rh1 Rxh1 41. Rxh1+ Kg7 42. Rb1 Bd4 43. Rxb7+ Kh6 44. Bf8# 1-0

[Event "Sherbrooke op-C"]
[Site "Sherbrooke CAN"]
[Date "2008.05.25"]
[Round "4"]
[White "Guo, Forest"]
[Black "Senecal, Jean-Pierre"]
[Result "1/2-1/2"]
[WhiteElo "1243"]
[BlackElo "1343"]
[PlyCount "113"]
[GameId "2160767910354699"]
[EventDate "2008.05.23"]
[EventType "swiss"]
[EventRounds "5"]
[EventCountry "CAN"]
[SourceTitle "EXT 2011"]
[Source "ChessBase"]
[SourceDate "2011.11.26"]
[SourceVersion "1"]
[SourceVersionDate "2011.11.26"]
[SourceQuality "1"]

1. e4 e5 2. Nf3 d6 3. d4 exd4 4. Nxd4 Nf6 5. Nc3 a6 6. Bg5 h6 7. Bxf6 Qxf6 8. Be2 c6 9. Qd2 Nd7 10. f3 Ne5 11. O-O-O Be7 12. Kb1 O-O 13. g4 Be6 14. Nf5 Bxf5 15. gxf5 Rad8 16. Qe3 b5 17. f4 Nc4 18. Bxc4 bxc4 19. h4 d5 20. exd5 Bb4 21. dxc6 Bxc3 22. Qxc3 Qxc6 23. Rdg1 f6 24. Rh2 Rf7 25. a3 Rd5 26. Rd2 Qc5 27. Rxd5 Qxg1+ 28. Ka2 Rc7 29. Rd6 Qc5 30. Qd4 Qxf5 31. Qd5+ Qxd5 32. Rxd5 Kf7 33. f5 g6 34. fxg6+ Kxg6 35. h5+ Kf7 36. Ra5 Rc6 37. b4 cxb3+ 38. cxb3 Ke6 39. b4 f5 40. b5 axb5 41. Rxb5 Kf6 42. a4 Kg5 43. a5 Ra6 44. Kb3 Kg4 45. Kb4 f4 46. Rb6 Rxb6+ 47. axb6 f3 48. b7 f2 49. b8=Q f1=Q 50. Qe8 Qf5 51. Qg6+ Qg5 52. Kc4 Kh4 53. Qxg5+ Kxg5 54. Kd4 Kxh5 55. Ke3 Kg4 56. Kf2 Kh3 57. Kg1 1/2-1/2

[Event "Sherbrooke op-C"]
[Site "Sherbrooke CAN"]
[Date "2008.05.25"]
[Round "4"]
[White "Lafleur, Sebastien"]
[Black "Lepine, Yannick"]
[Result "0-1"]
[WhiteElo "1097"]
[BlackElo "1293"]
[PlyCount "102"]
[GameId "2160767910354700"]
[EventDate "2008.05.23"]
[EventType "swiss"]
[EventRounds "5"]
[EventCountry "CAN"]

1. g3 e5 2. Bg2 Nf6 3. e4 Bc5 4. c3 Nc6 5. Nf3 d6 6. d4 exd4 7. Nxd4 Bd7 8. O-O O-O 9. b4 Bb6 10. a4 a6 11. Bb2 Ne5 12. Na3 c5 13. Nf5 Bxf5 14. exf5 Qd7 15. Qc2 c4 16. Rfd1 d5 17. Qd2 Nd3 18. Rf1 Qxf5 19. a5 Ba7 20. Ra2 Rad8 21. h3 Rfe8 22. Nc2 Ne4 23. Bxe4 dxe4 24. Ne3 Qxh3 25. Qe2 Bxe3 26. Qxe3 f5 27. Qg5 Qg4 28. Qxg4 fxg4 29. Ba3 Rd5 30. Kg2 Red8 31. Bc1 Nxc1 32. Rxc1 Rd2 33. Rxd2 Rxd2 34. Re1 Rd3 35. Rxe4 Rxc3 36. Rxg4 Rc2 37. Kf1 Kf7 38. Rd4 Ke7 39. Ke1 h6 40. f4 g6 41. Kd1 Rc3 42. g4 Rd3+ 43. Rxd3 cxd3 44. Kd2 h5 45. gxh5 gxh5 46. Kxd3 Kf6 47. Ke3 Kf5 48. Kf3 h4 49. Kg2 Kxf4 50. Kh3 Ke4 51. Kxh4 Kd4 0-1

[Event "Sherbrooke op-C"]
[Site "Sherbrooke CAN"]
[Date "2008.05.25"]
[Round "4"]
[White "Pelosse, Jacques"]
[Black "Olivier, Luc"]
[Result "1/2-1/2"]
[WhiteElo "1225"]
[BlackElo "1290"]
[PlyCount "52"]
[GameId "2160767910354701"]
[EventDate "2008.05.23"]
[EventType "swiss"]
[EventRounds "5"]
[EventCountry "CAN"]
[SourceTitle "EXT 2011"]
[Source "ChessBase"]
[SourceDate "2011.11.26"]
[SourceVersion "1"]
[SourceVersionDate "2011.11.26"]
[SourceQuality "1"]

1. d4 Nf6 2. Nc3 e6 3. e4 d6 4. f4 Be7 5. Nf3 b6 6. Bd3 O-O 7. O-O Bb7 8. e5 dxe5 9. fxe5 Nd5 10. Ne2 Nb4 11. Bc4 c5 12. c3 Nd5 13. Kh1 Nd7 14. Ng3 Rc8 15. Bd3 c4 16. Bc2 b5 17. a3 a5 18. Qe2 N7b6 19. Qe4 g6 20. Bh6 Re8 21. Nh5 Bf8 22. Bxf8 Rxf8 23. Nf4 Nxf4 24. Qxf4 Nd5 25. Qh6 Qe7 26. Rae1 Rce8 1/2-1/2

[Event "Sherbrooke op-C"]
[Site "Sherbrooke CAN"]
[Date "2008.05.25"]
[Round "4"]
[White "Roussel, Alexandre"]
[Black "Belanger, Priscillia"]
[Result "0-1"]
[WhiteElo "938"]
[BlackElo "1068"]
[PlyCount "106"]
[GameId "2160767910354702"]
[EventDate "2008.05.23"]
[EventType "swiss"]
[EventRounds "5"]
[EventCountry "CAN"]
[SourceTitle "EXT 2011"]
[Source "ChessBase"]
[SourceDate "2011.11.26"]
[SourceVersion "1"]
[SourceVersionDate "2011.11.26"]
[SourceQuality "1"]

1. e4 e5 2. Nf3 Nf6 3. Nc3 Nc6 4. Bc4 Nxe4 5. Nxe4 d5 6. Bd3 dxe4 7. Bxe4 Bg4 8. d3 Bc5 9. Bxc6+ bxc6 10. Be3 Bb4+ 11. c3 Ba5 12. Qa4 Bxf3 13. gxf3 Qd5 14. Qe4 O-O 15. Qxd5 cxd5 16. Rg1 d4 17. Bd2 c5 18. a3 Rab8 19. Rb1 Bxc3 20. Bxc3 dxc3 21. Kd1 Rxb2 22. Rxb2 cxb2 23. Kc2 Rd8 24. Rb1 f6 25. Rxb2 Rd4 26. Kd2 Rh4 27. Rb8+ Kf7 28. Rb7+ Kg6 29. Rxa7 c4 30. dxc4 Rxc4 31. a4 Rh4 32. a5 Rxh2 33. Ke2 Rh1 34. Rb7 Ra1 35. Rb5 Kf7 36. Kd3 Ke8 37. Kc4 Kd8 38. Kc5 Kc7 39. Kb4 h5 40. Rb6 h4 41. Kc5 Rxa5+ 42. Rb5 Rxb5+ 43. Kxb5 h3 44. Kc4 h2 45. Kd3 h1=Q 46. Ke2 Kd6 47. Ke3 Qe1+ 48. Kd3 Kd5 49. Kc2 Kc4 50. Kb2 Qc3+ 51. Kb1 Qd2 52. Ka1 Kb3 53. Kb1 Qb2# 0-1

[Event "Sherbrooke op-C"]
[Site "Sherbrooke CAN"]
[Date "2008.05.25"]
[Round "4"]
[White "Straehl, Patrick"]
[Black "Leclerc, Luc-Olivier"]
[Result "0-1"]
[WhiteElo "1368"]
[BlackElo "1099"]
[PlyCount "128"]
[GameId "2160767910354703"]
[EventDate "2008.05.23"]
[EventType "swiss"]
[EventRounds "5"]
[EventCountry "CAN"]
[SourceTitle "EXT 2011"]
[Source "ChessBase"]
[SourceDate "2011.11.26"]
[SourceVersion "1"]
[SourceVersionDate "2011.11.26"]
[SourceQuality "1"]

1. d4 f5 2. c4 Nf6 3. Nc3 e6 4. Bg5 b6 5. Bxf6 Qxf6 6. e3 Bb7 7. Nf3 g5 8. h3 Nc6 9. a3 O-O-O 10. Be2 Bd6 11. Qc2 h5 12. O-O-O f4 13. e4 e5 14. d5 Nd4 15. Nxd4 exd4 16. Nb5 Be5 17. Qd3 a6 18. Nxd4 c5 19. Nf5 Bxb2+ 20. Kc2 Be5 21. Rb1 Kc7 22. Rb3 Rb8 23. Rhb1 Bc8 24. a4 a5 25. d6+ Bxd6 26. Nxd6 Qxd6 27. Qxd6+ Kxd6 28. Rxb6+ Rxb6 29. Rxb6+ Ke5 30. Kd3 d6 31. Rb8 d5 32. Bxh5 dxe4+ 33. Kd2 Rd8+ 34. Ke1 Rg8 35. Bg4 Be6 36. Rb5 Bxg4 37. hxg4 Kd4 38. Rxa5 Kxc4 39. Ra7 Kb4 40. Re7 Kxa4 41. Rxe4+ Kb3 42. Kd2 Rd8+ 43. Kc1 Rd5 44. g3 fxg3 45. Re3+ Kb4 46. Rxg3 Rd4 47. f3 Rd3 48. Rh3 Kc4 49. Rh5 Rd5 50. Kc2 Kd4 51. Kd2 c4 52. Rh2 Ke5+ 53. Kc3 Rd3+ 54. Kxc4 Rxf3 55. Rg2 Ke4 56. Re2+ Re3 57. Rg2 Kf3 58. Kd4 Re4+ 59. Kd3 Rxg4 60. Rxg4 Kxg4 61. Ke2 Kg3 62. Kf1 Kh2 63. Kf2 g4 64. Kf1 g3 0-1

[Event "Sherbrooke op-C"]
[Site "Sherbrooke CAN"]
[Date "2008.05.25"]
[Round "4"]
[White "Thomsen, Gunther"]
[Black "Boutin, Andre"]
[Result "1/2-1/2"]
[WhiteElo "1063"]
[BlackElo "1294"]
[PlyCount "67"]
[GameId "2160767910354704"]
[EventDate "2008.05.23"]
[EventType "swiss"]
[EventRounds "5"]
[EventCountry "CAN"]
[SourceTitle "EXT 2011"]
[Source "ChessBase"]
[SourceDate "2011.11.26"]
[SourceVersion "1"]
[SourceVersionDate "2011.11.26"]
[SourceQuality "1"]

1. e4 c5 2. Nf3 Nc6 3. Bb5 e6 4. c3 d6 5. Bxc6+ bxc6 6. d4 cxd4 7. cxd4 Nf6 8. Bg5 Be7 9. Nc3 Ba6 10. Qa4 Bb7 11. O-O O-O 12. Rfe1 Re8 13. b4 Qc7 14. a3 Nd7 15. Bd2 Nb6 16. Qc2 Nc4 17. Bf4 e5 18. dxe5 Nxe5 19. Nxe5 dxe5 20. Bg3 Rac8 21. Ne2 c5 22. bxc5 Bxc5 23. Kh1 Qe7 24. Qb2 Rb8 25. f3 Kh8 26. Nc3 Bd4 27. Qd2 f6 28. Bf2 Red8 29. Bxd4 exd4 30. Nd5 Bxd5 31. exd5 Qc5 32. Red1 Rxd5 33. Rab1 Rbd8 34. Qb4 1/2-1/2

[Event "Sherbrooke op-C"]
[Site "Sherbrooke CAN"]
[Date "2008.05.25"]
[Round "4"]
[White "Viens, Nicolas"]
[Black "Beauregard, Pascal"]
[Result "0-1"]
[WhiteElo "1350"]
[BlackElo "1288"]
[PlyCount "102"]
[GameId "2160767910354705"]
[EventDate "2008.05.23"]
[EventType "swiss"]
[EventRounds "5"]
[EventCountry "CAN"]
[SourceTitle "EXT 2011"]
[Source "ChessBase"]
[SourceDate "2011.11.26"]
[SourceVersion "1"]
[SourceVersionDate "2011.11.26"]
[SourceQuality "1"]

1. d4 d5 2. c4 c6 3. cxd5 cxd5 4. Nc3 Nf6 5. Nf3 Nc6 6. e3 Bg4 7. Be2 e6 8. O-O a6 9. Re1 Bb4 10. Bd2 O-O 11. a3 Bd6 12. Ng5 Bf5 13. Nf3 h6 14. b4 b5 15. Bc1 e5 16. dxe5 Nxe5 17. Nd4 Bg6 18. Bb2 Nc4 19. Bxc4 dxc4 20. Nf3 Re8 21. Qd2 Qc7 22. Qd4 Rad8 23. Nd5 Bxh2+ 24. Nxh2 Rxd5 25. Qc3 Rd3 26. Qc1 Rd6 27. Qc3 Qd7 28. f3 Rd3 29. Qc1 Nd5 30. Bd4 Qe6 31. Kf2 h5 32. Nf1 Qe7 33. Ra2 Nc7 34. Bc5 Qd7 35. e4 Ne6 36. Be3 Nd4 37. Rd1 Nb3 38. Rxd3 Qxd3 39. Qb2 Qd6 40. Nd2 Nxd2 41. Bxd2 f6 42. Qc3 h4 43. Ra1 Rd8 44. Rd1 Qg3+ 45. Kf1 Bxe4 46. Re1 Bd3+ 47. Re2 Bxe2+ 48. Kxe2 Qxg2+ 49. Ke1 Rd3 50. Qc2 Qxf3 51. Bc1 Qh1+ 0-1

[Event "Sherbrooke op-C"]
[Site "Sherbrooke CAN"]
[Date "2008.05.25"]
[Round "5"]
[White "Allard dos Santos, Alexandre"]
[Black "Breton, Jules"]
[Result "0-1"]
[WhiteElo "1208"]
[BlackElo "1248"]
[PlyCount "110"]
[GameId "2160767910354706"]
[EventDate "2008.05.23"]
[EventType "swiss"]
[EventRounds "5"]
[EventCountry "CAN"]
[SourceTitle "EXT 2011"]
[Source "ChessBase"]
[SourceDate "2011.11.26"]
[SourceVersion "1"]
[SourceVersionDate "2011.11.26"]
[SourceQuality "1"]

1. d4 Nf6 2. c4 d6 3. Nc3 g6 4. g3 Bg7 5. Bg2 c6 6. e3 Nbd7 7. Nge2 Rb8 8. O-O O-O 9. Bd2 b6 10. Rb1 d5 11. cxd5 cxd5 12. Nxd5 Nxd5 13. Bxd5 e5 14. Bc3 Qe7 15. Bg2 Rd8 16. Re1 h5 17. f4 e4 18. Qc2 Bb7 19. a3 Rbc8 20. Qd2 Nf6 21. h3 Ba6 22. Bb4 Qd7 23. Rbc1 Bd3 24. Rxc8 Rxc8 25. Bc3 Nd5 26. Kh2 a5 27. Nc1 Bb1 28. Bf1 Qc7 29. Ne2 Bd3 30. Rc1 Qe7 31. Ng1 Bxf1 32. Rxf1 f5 33. h4 Nxc3 34. bxc3 Qxa3 35. Ne2 a4 36. Qc1 Qa2 37. Re1 b5 38. Qa1 Qd2 39. Qc1 Qa2 40. Qa1 Qd5 41. Rb1 Bf8 42. Qb2 Rb8 43. Nc1 Kh7 44. Na2 Qc4 45. Kg2 b4 46. cxb4 a3 47. Qxa3 Qc2+ 48. Kf1 Qxb1+ 49. Ke2 Rc8 50. Nc3 Qc2+ 51. Ke1 Rxc3 52. Qa1 Rxe3+ 53. Kf1 Qe2+ 54. Kg1 Rxg3+ 55. Kh1 Qg2# 0-1

[Event "Sherbrooke op-C"]
[Site "Sherbrooke CAN"]
[Date "2008.05.25"]
[Round "5"]
[White "Beauregard, Pascal"]
[Black "Belanger, Christopher"]
[Result "1-0"]
[WhiteElo "1288"]
[BlackElo "1338"]
[PlyCount "119"]
[GameId "2160767910354707"]
[EventDate "2008.05.23"]
[EventType "swiss"]
[EventRounds "5"]
[EventCountry "CAN"]
[SourceTitle "EXT 2011"]
[Source "ChessBase"]
[SourceDate "2011.11.26"]
[SourceVersion "1"]
[SourceVersionDate "2011.11.26"]
[SourceQuality "1"]

1. e4 c5 2. Nc3 Nc6 3. g3 d6 4. Bg2 Nf6 5. d3 g6 6. h3 Bg7 7. Nge2 Bd7 8. O-O Qc8 9. Kh2 e6 10. f4 O-O 11. Be3 Ne7 12. e5 dxe5 13. fxe5 Nfd5 14. Bf4 Nxf4 15. gxf4 Nf5 16. Qd2 Bc6 17. Ne4 Rd8 18. N2g3 Nxg3 19. Nxg3 Bxg2 20. Qxg2 c4 21. Rad1 Bh6 22. d4 Rd7 23. f5 exf5 24. Nxf5 Bg7 25. Nd6 Qc7 26. c3 f6 27. Qd5+ Kh8 28. Qxc4 Qxc4 29. Nxc4 Rc8 30. exf6 Bxf6 31. Rxf6 Rxc4 32. Re6 Rcc7 33. d5 Kg7 34. d6 Rc6 35. Re7+ Rxe7 36. dxe7 Kf7 37. Rd7 Rb6 38. b3 Ke8 39. Rc7 a6 40. Rc8+ Kxe7 41. Rc7+ Kd6 42. Rxh7 Rc6 43. Rxb7 Rxc3 44. Rb6+ Rc6 45. Rxc6+ Kxc6 46. Kg3 Kc5 47. Kg4 Kb4 48. Kg5 Ka3 49. Kxg6 Kxa2 50. b4 Kb3 51. h4 Kxb4 52. h5 a5 53. h6 a4 54. h7 a3 55. h8=Q Kb3 56. Qh1 a2 57. Kf5 Ka3 58. Ke4 Kb3 59. Kd3 Ka3 60. Kc3 1-0

[Event "Sherbrooke op-C"]
[Site "Sherbrooke CAN"]
[Date "2008.05.25"]
[Round "5"]
[White "Belanger, Priscillia"]
[Black "Bourassa, Louis"]
[Result "0-1"]
[WhiteElo "1068"]
[BlackElo "1226"]
[PlyCount "102"]
[GameId "2160767910354708"]
[EventDate "2008.05.23"]
[EventType "swiss"]
[EventRounds "5"]
[EventCountry "CAN"]
[SourceTitle "EXT 2011"]
[Source "ChessBase"]
[SourceDate "2011.11.26"]
[SourceVersion "1"]
[SourceVersionDate "2011.11.26"]
[SourceQuality "1"]

1. e4 e5 2. Nf3 Nf6 3. Nc3 Bb4 4. Bc4 d6 5. O-O O-O 6. d3 Nc6 7. Bg5 h6 8. Bh4 Re8 9. a3 Bc5 10. b4 Bd4 11. Nxd4 Nxd4 12. Nd5 g5 13. Nxf6+ Qxf6 14. Bg3 Bd7 15. c3 Ne6 16. Qd2 a6 17. Rad1 b5 18. Bb3 a5 19. d4 axb4 20. axb4 Nf4 21. dxe5 Qxe5 22. Bxf4 Qxf4 23. Qxf4 gxf4 24. Rd4 Ra3 25. Rb1 Rea8 26. e5 Rxb3 27. Rbd1 Rxc3 28. exd6 cxd6 29. Rxd6 Be6 30. h3 f3 31. R1d3 Rc1+ 32. Kh2 fxg2 33. Kxg2 Rb1 34. Rd8+ Rxd8 35. Rxd8+ Kg7 36. Rd4 Bc4 37. Rg4+ Kh7 38. Kg3 Rxb4 39. f3 Rb1 40. Kf2 Be6 41. Rh4 b4 42. Ke3 b3 43. Kd2 Rf1 44. Rf4 b2 45. Rb4 b1=Q 46. Rxb1 Rxb1 47. h4 Rh1 48. Ke3 Rxh4 49. f4 f5 50. Kf3 Rg4 51. Ke3 h5 0-1

[Event "Sherbrooke op-C"]
[Site "Sherbrooke CAN"]
[Date "2008.05.25"]
[Round "5"]
[White "Bilodeau Savaria, Cendrina"]
[Black "Roussel, Alexandre"]
[Result "1-0"]
[WhiteElo "986"]
[BlackElo "938"]
[PlyCount "71"]
[GameId "2160767910354709"]
[EventDate "2008.05.23"]
[EventType "swiss"]
[EventRounds "5"]
[EventCountry "CAN"]
[SourceTitle "EXT 2011"]
[Source "ChessBase"]
[SourceDate "2011.11.26"]
[SourceVersion "1"]
[SourceVersionDate "2011.11.26"]
[SourceQuality "1"]

1. d4 d5 2. c4 Nf6 3. Nc3 e6 4. Bg5 Nbd7 5. e3 Be7 6. Nf3 h6 7. Bxf6 Nxf6 8. a3 b6 9. Be2 Ba6 10. cxd5 Bxe2 11. Qxe2 Nxd5 12. Rc1 Qd7 13. Nxd5 exd5 14. O-O O-O 15. Rc2 c5 16. Rfc1 Rac8 17. Ne5 Qe6 18. Nf3 cxd4 19. Nxd4 Qd7 20. Qb5 Qxb5 21. Nxb5 Rc5 22. Nd4 Rfc8 23. Kf1 Bf6 24. Rc3 Rxc3 25. Rxc3 Rxc3 26. bxc3 g5 27. g4 Be5 28. h3 Kg7 29. Ke2 Kg6 30. Kd3 h5 31. Nc6 Bd6 32. a4 f5 33. f3 a5 34. Nd4 f4 35. e4 dxe4+ 36. Kxe4 1-0

[Event "Sherbrooke op-C"]
[Site "Sherbrooke CAN"]
[Date "2008.05.25"]
[Round "5"]
[White "Guo, Forest"]
[Black "Bilodeau, Vincent"]
[Result "1-0"]
[WhiteElo "1243"]
[BlackElo "1279"]
[PlyCount "65"]
[GameId "2160767910354711"]
[EventDate "2008.05.23"]
[EventType "swiss"]
[EventRounds "5"]
[EventCountry "CAN"]
[SourceTitle "EXT 2011"]
[Source "ChessBase"]
[SourceDate "2011.11.26"]
[SourceVersion "1"]
[SourceVersionDate "2011.11.26"]
[SourceQuality "1"]

1. e4 e5 2. Nf3 Nc6 3. Bb5 a6 4. Ba4 d6 5. Bxc6+ bxc6 6. d4 exd4 7. Qxd4 c5 8. Qd3 Bb7 9. Nc3 g6 10. Bf4 Bg7 11. O-O Ne7 12. Rfe1 O-O 13. Rad1 Rb8 14. b3 f5 15. e5 d5 16. e6 d4 17. Na4 Be4 18. Qe2 Rb5 19. Ng5 Nd5 20. Bc1 Re8 21. f3 d3 22. cxd3 Bd4+ 23. Kh1 f4 24. dxe4 Ne3 25. Bxe3 fxe3 26. Nh3 Qf6 27. Qc4 Qh4 28. Qd5 h6 29. Qd7 Re7 30. Qd8+ Kg7 31. g3 Qf6 32. Nf4 g5 33. Nh5+ 1-0